=LDR 00000nam 2200000 4500 =001 INLIS000000000014383 =005 20130612105649 =008 ***********************************Ind** =035 ##$$0010-061300000014383 =041 ##$$a Ind =082 ##$$a 658.3 =090 ##$$a 658.3, Bah b =100 ##$$a Bahaudin, Taufik =245 ##$$a Brainwere management generasi kelima manajemen manusia, Taufik Bahaudin =260 ##$$a 2003 $b Jakarta =300 ##$$a xviii,378 hlm, Ilus, 21 cm =650 ##$$a Manajemen Kepegawaian =850 ##$$a NBPNMAT